[Event "Greek Team Cup Final 8"]
[Site "chess24.com"]
[Date "2018.07.09"]
[Round "3"]
[White "Tsolakidou, Stavroula"]
[Black "Georgiadis, Ioannis"]
[Result "1/2-1/2"]
[Board "3"]
[WhiteTitle "IM"]
[WhiteElo "2423"]
[WhiteCountry "GRE"]
[WhiteFideId "4264312"]
[WhiteEloChange "1"]
[BlackTitle "IM"]
[BlackElo "2465"]
[BlackCountry "GRE"]
[BlackFideId "4208900"]
[BlackEloChange "-1"]

1. d4 {[%clk 1:30:30]} Nf6 {[%clk 1:30:46]} 2. c4 {[%clk 1:30:58]} e6 {[%clk
1:31:03]} 3. g3 {[%clk 1:31:15]} d5 {[%clk 1:30:54]} 4. Bg2 {[%clk 1:31:39]} dxc4
{[%clk 1:31:03]} 5. Nf3 {[%clk 1:31:59]} Bb4+ {[%clk 1:30:17]} 6. Bd2 {[%clk
1:32:15]} a5 {[%clk 1:30:23]} 7. a3 {[%clk 1:32:03]} Bd6 {[%clk 1:24:05]} 8. Qa4+
{[%clk 1:27:32]} Nc6 {[%clk 1:22:15]} 9. O-O {[%clk 1:17:03]} O-O {[%clk
1:21:05]} 10. Qxc4 {[%clk 1:16:52]} e5 {[%clk 1:17:01]} 11. d5 {[%clk 1:04:59]}
Nb8 {[%clk 1:13:03]} 12. Nc3 {[%clk 1:03:56]} Nbd7 {[%clk 1:12:14]} 13. Rfd1
{[%clk 1:02:51]} Qe8 {[%clk 0:57:45]} 14. Ng5 {[%clk 0:50:18]} b6 {[%clk
0:49:10]} 15. b4 {[%clk 0:28:20]} Ba6 {[%clk 0:46:40]} 16. Qb3 {[%clk 0:25:32]}
Qe7 {[%clk 0:41:01]} 17. Re1 {[%clk 0:17:18]} axb4 {[%clk 0:23:07]} 18. axb4
{[%clk 0:17:43]} h6 {[%clk 0:23:08]} 19. Nge4 {[%clk 0:13:39]} Nxe4 {[%clk
0:20:04]} 20. Nxe4 {[%clk 0:14:05]} Bb7 {[%clk 0:20:20]} 21. Qc4 {[%clk 0:10:25]}
Nf6 {[%clk 0:18:26]} 22. Nxd6 {[%clk 0:09:08]} Qxd6 {[%clk 0:18:16]} 23. e4
{[%clk 0:07:07]} c6 {[%clk 0:15:08]} 24. dxc6 {[%clk 0:05:49]} Bxc6 {[%clk
0:15:16]} 25. Be3 {[%clk 0:02:05]} b5 {[%clk 0:14:38]} 26. Qc2 {[%clk 0:02:20]}
Qe6 {[%clk 0:06:59]} 27. f3 {[%clk 0:02:35]} Rfc8 {[%clk 0:06:54]} 28. Qb2 {[%clk
0:02:18]} Ne8 {[%clk 0:06:20]} 29. Rec1 {[%clk 0:01:41]} Rxa1 {[%clk 0:05:51]}
30. Qxa1 {[%clk 0:01:27]} Bd7 {[%clk 0:03:23]} 31. Rxc8 {[%clk 0:00:59]} Bxc8
{[%clk 0:03:48]} 32. Bc5 {[%clk 0:01:02]} Nd6 {[%clk 0:01:39]} 33. Qd1 {[%clk
0:00:46]} Nc4 {[%clk 0:01:44]} 34. Qd8+ {[%clk 0:00:44]} Kh7 {[%clk 0:02:08]} 35.
h4 {[%clk 0:00:36]} Qd7 {[%clk 0:01:44]} 36. Qf8 {[%clk 0:00:35]} Qd1+ {[%clk
0:01:57]} 37. Kh2 {[%clk 0:01:02]} Be6 {[%clk 0:02:17]} 38. Qb8 {[%clk 0:01:07]}
Nd2 {[%clk 0:02:08]} 39. Qxe5 {[%clk 0:00:39]} Nxf3+ {[%clk 0:02:06]} 40. Bxf3
{[%clk 0:31:02]} Qxf3 {[%clk 0:32:33]} 41. Bd4 {[%clk 0:27:05]} Qg4 {[%clk
0:30:11]} 42. Qf4 {[%clk 0:18:11]} Qe2+ {[%clk 0:29:12]} 43. Bf2 {[%clk 0:18:35]}
Qb2 {[%clk 0:29:10]} 44. e5 {[%clk 0:12:34]} Qb1 {[%clk 0:28:38]} 45. g4 {[%clk
0:10:13]} Qg6 {[%clk 0:22:33]} 46. Kg3 {[%clk 0:08:11]} h5 {[%clk 0:22:32]} 47.
Qg5 {[%clk 0:07:08]} Qd3+ {[%clk 0:22:40]} 48. Qe3 {[%clk 0:05:55]} Qb1 {[%clk
0:22:11]} 49. gxh5 {[%clk 0:05:18]} Qf5 {[%clk 0:20:42]} 50. Qg5 {[%clk 0:02:54]}
Qh3+ {[%clk 0:19:15]} 51. Kf4 {[%clk 0:03:20]} Qc3 {[%clk 0:19:15]} 52. Bc5
{[%clk 0:03:06]} Qe1 {[%clk 0:13:48]} 53. Bf8 {[%clk 0:01:14]} Qd2+ {[%clk
0:14:08]} 54. Kg3 {[%clk 0:01:34]} Qe1+ {[%clk 0:14:30]} 55. Kf4 {[%clk 0:01:43]}
Qd2+ {[%clk 0:09:19]} 56. Kg3 {[%clk 0:02:09]} Qe1+ {[%clk 0:09:32]} 1/2-1/2

[Event "Greek Team Cup Final 8"]
[Site "chess24.com"]
[Date "2018.07.09"]
[Round "3"]
[White "Halkias, Stelios"]
[Black "Papaioannou, Ioannis"]
[Result "1/2-1/2"]
[Board "4"]
[WhiteTitle "GM"]
[WhiteElo "2570"]
[WhiteCountry "GRE"]
[WhiteFideId "4201809"]
[WhiteEloChange "1"]
[BlackTitle "GM"]
[BlackElo "2647"]
[BlackCountry "GRE"]
[BlackFideId "4201345"]
[BlackEloChange "-1"]

1. Nf3 {[%clk 1:30:20]} Nf6 {[%clk 1:30:52]} 2. c4 {[%clk 1:30:38]} e6 {[%clk
1:31:14]} 3. g3 {[%clk 1:30:10]} d5 {[%clk 1:31:23]} 4. d4 {[%clk 1:29:34]} Bb4+
{[%clk 1:31:08]} 5. Bd2 {[%clk 1:23:39]} Be7 {[%clk 1:30:43]} 6. Bg2 {[%clk
1:23:53]} O-O {[%clk 1:30:57]} 7. Qc2 {[%clk 1:23:56]} c6 {[%clk 1:30:35]} 8. O-O
{[%clk 1:23:50]} Nbd7 {[%clk 1:30:06]} 9. Rd1 {[%clk 1:17:20]} b6 {[%clk
1:30:09]} 10. Bf4 {[%clk 1:10:24]} Nh5 {[%clk 1:25:14]} 11. Bc1 {[%clk 1:06:48]}
Nhf6 {[%clk 1:25:28]} 12. Bf4 {[%clk 1:04:43]} Nh5 {[%clk 1:25:48]} 13. Bc1
{[%clk 1:04:15]} Nhf6 {[%clk 1:26:11]} 14. Bf4 {[%clk 0:58:16]} 1/2-1/2

[Event "Greek Team Cup Final 8"]
[Site "chess24.com"]
[Date "2018.07.09"]
[Round "3"]
[White "Georgakopoulos, Nikolaos"]
[Black "Mastrovasilis, Athanasios"]
[Result "0-1"]
[Board "1"]
[WhiteTitle "FM"]
[WhiteElo "2336"]
[WhiteCountry "GRE"]
[WhiteFideId "4210891"]
[WhiteEloChange "-6"]
[BlackTitle "GM"]
[BlackElo "2497"]
[BlackCountry "GRE"]
[BlackFideId "4201990"]
[BlackEloChange "3"]

1. d4 {[%clk 1:30:30]} Nf6 {[%clk 1:30:46]} 2. c4 {[%clk 1:29:03]} e6 {[%clk
1:23:35]} 3. Nf3 {[%clk 1:29:26]} d5 {[%clk 1:23:40]} 4. g3 {[%clk 1:29:05]} Bb4+
{[%clk 1:22:39]} 5. Nbd2 {[%clk 1:29:18]} O-O {[%clk 1:22:28]} 6. Bg2 {[%clk
1:29:45]} b6 {[%clk 1:22:25]} 7. O-O {[%clk 1:30:08]} Bb7 {[%clk 1:22:54]} 8. b3
{[%clk 1:30:30]} Nbd7 {[%clk 1:14:30]} 9. Bb2 {[%clk 1:30:40]} Be7 {[%clk
1:14:15]} 10. e3 {[%clk 1:29:13]} c5 {[%clk 1:12:55]} 11. Rc1 {[%clk 1:29:14]}
Rc8 {[%clk 1:12:14]} 12. Qe2 {[%clk 1:29:36]} Rc7 {[%clk 1:11:17]} 13. cxd5
{[%clk 1:17:47]} exd5 {[%clk 1:08:38]} 14. Rfd1 {[%clk 1:17:30]} Qc8 {[%clk
1:03:56]} 15. Ne5 {[%clk 1:16:15]} Nb8 {[%clk 0:41:21]} 16. dxc5 {[%clk 0:55:05]}
bxc5 {[%clk 0:40:43]} 17. e4 {[%clk 0:54:24]} d4 {[%clk 0:36:51]} 18. Nd3 {[%clk
0:51:54]} Re8 {[%clk 0:31:12]} 19. Qf1 {[%clk 0:49:26]} Bf8 {[%clk 0:24:39]} 20.
Bh3 {[%clk 0:48:21]} Qd8 {[%clk 0:22:08]} 21. f3 {[%clk 0:48:27]} Nbd7 {[%clk
0:21:31]} 22. Rc2 {[%clk 0:45:58]} Ba6 {[%clk 0:20:02]} 23. Nc4 {[%clk 0:45:17]}
Nb6 {[%clk 0:19:25]} 24. Bc1 {[%clk 0:44:43]} Nxc4 {[%clk 0:18:16]} 25. bxc4
{[%clk 0:45:05]} Nd7 {[%clk 0:17:01]} 26. Bd2 {[%clk 0:44:57]} Rb7 {[%clk
0:16:33]} 27. Bg2 {[%clk 0:41:42]} Nb6 {[%clk 0:09:42]} 28. Nb2 {[%clk 0:23:35]}
Rd7 {[%clk 0:08:41]} 29. Ba5 {[%clk 0:22:42]} Qa8 {[%clk 0:07:01]} 30. Bxb6
{[%clk 0:18:01]} axb6 {[%clk 0:07:25]} 31. Na4 {[%clk 0:18:18]} Qc6 {[%clk
0:07:26]} 32. Nb2 {[%clk 0:18:08]} b5 {[%clk 0:06:57]} 33. Qd3 {[%clk 0:17:04]}
f5 {[%clk 0:03:13]} 34. exf5 {[%clk 0:17:03]} Re3 {[%clk 0:03:14]} 35. f4 {[%clk
0:17:13]} Qc8 {[%clk 0:02:07]} 36. Qf1 {[%clk 0:17:16]} bxc4 {[%clk 0:01:12]} 37.
Nxc4 {[%clk 0:17:22]} Kh8 {[%clk 0:01:03]} 38. Qf2 {[%clk 0:15:41]} Bxc4 {[%clk
0:00:52]} 39. Rxc4 {[%clk 0:16:07]} Qe8 {[%clk 0:00:59]} 40. Bc6 {[%clk 0:40:59]}
Qh5 {[%clk 0:31:21]} 41. Rd2 {[%clk 0:34:14]} Rde7 {[%clk 0:25:54]} 42. Bg2
{[%clk 0:29:28]} Re1+ {[%clk 0:16:34]} 43. Bf1 {[%clk 0:29:14]} Ra1 {[%clk
0:13:19]} 44. Qg2 {[%clk 0:17:25]} Ree1 {[%clk 0:12:45]} 45. Rf2 {[%clk 0:17:53]}
Qxf5 {[%clk 0:05:17]} 46. Ra4 {[%clk 0:06:13]} d3 {[%clk 0:04:40]} 47. g4 {[%clk
0:06:35]} Qf7 {[%clk 0:04:32]} 48. Ra8 {[%clk 0:06:59]} Kg8 {[%clk 0:03:34]} 49.
Rd8 {[%clk 0:06:27]} c4 {[%clk 0:04:00]} 50. Qc6 {[%clk 0:04:58]} h6 {[%clk
0:03:51]} 51. f5 {[%clk 0:03:23]} Rac1 {[%clk 0:03:06]} 52. Kg2 {[%clk 0:02:51]}
Qe7 {[%clk 0:02:27]} 53. Qd5+ {[%clk 0:02:19]} Kh8 {[%clk 0:02:09]} 54. Qa8
{[%clk 0:00:41]} Kg8 {[%clk 0:02:15]} 55. Qd5+ {[%clk 0:01:02]} Qf7 {[%clk
0:02:33]} 56. Qc6 {[%clk 0:00:45]} Qf6 {[%clk 0:00:52]} 57. Qd5+ {[%clk 0:00:53]}
Kh7 {[%clk 0:01:06]} 58. Qa8 {[%clk 0:01:02]} Rxf1 {[%clk 0:00:53]} 59. Rxf1
{[%clk 0:00:50]} Rc2+ {[%clk 0:01:00]} 60. Rf2 {[%clk 0:00:38]} Qh4 {[%clk
0:00:51]} 61. Rxc2 {[%clk 0:00:32]} Qxg4+ {[%clk 0:01:09]} 62. Kf2 {[%clk
0:00:33]} Bc5+ {[%clk 0:01:02]} 63. Kf1 {[%clk 0:00:35]} Qg1# {[%clk 0:01:02]}
0-1

[Event "Greek Team Cup Final 8"]
[Site "chess24.com"]
[Date "2018.07.09"]
[Round "3"]
[White "Dounis, Alexandros"]
[Black "Malikentzos, Sotirios"]
[Result "0-1"]
[Board "3"]
[WhiteElo "2258"]
[WhiteCountry "GRE"]
[WhiteFideId "4213238"]
[WhiteEloChange "-6"]
[BlackTitle "IM"]
[BlackElo "2420"]
[BlackCountry "GRE"]
[BlackFideId "4215079"]
[BlackEloChange "3"]

1. Nf3 {[%clk 1:30:30]} d5 {[%clk 1:22:47]} 2. g3 {[%clk 1:30:27]} Bg4 {[%clk
1:23:06]} 3. Bg2 {[%clk 1:30:25]} Nd7 {[%clk 1:23:29]} 4. O-O {[%clk 1:30:00]} e6
{[%clk 1:23:52]} 5. d3 {[%clk 1:25:08]} c6 {[%clk 1:24:16]} 6. h3 {[%clk
1:23:37]} Bh5 {[%clk 1:24:24]} 7. Qe1 {[%clk 1:20:30]} Bd6 {[%clk 1:24:34]} 8. e4
{[%clk 1:19:59]} Ne7 {[%clk 1:24:50]} 9. Nc3 {[%clk 1:14:20]} O-O {[%clk
1:21:19]} 10. Ne2 {[%clk 1:11:06]} dxe4 {[%clk 1:16:26]} 11. dxe4 {[%clk
1:11:28]} e5 {[%clk 1:16:49]} 12. g4 {[%clk 1:08:11]} Bg6 {[%clk 1:17:04]} 13.
Ng3 {[%clk 1:07:11]} Qc7 {[%clk 1:14:21]} 14. Be3 {[%clk 0:55:20]} Rfd8 {[%clk
1:07:54]} 15. Nh4 {[%clk 0:40:11]} Bc5 {[%clk 0:55:48]} 16. Nhf5 {[%clk 0:34:40]}
Bxf5 {[%clk 0:55:29]} 17. Bxc5 {[%clk 0:27:46]} Nxc5 {[%clk 0:54:51]} 18. exf5
{[%clk 0:24:42]} Nd5 {[%clk 0:54:29]} 19. Bxd5 {[%clk 0:21:06]} cxd5 {[%clk
0:53:12]} 20. f6 {[%clk 0:20:55]} g6 {[%clk 0:51:13]} 21. Qe3 {[%clk 0:18:48]}
Qd6 {[%clk 0:49:46]} 22. Qh6 {[%clk 0:09:52]} Qf8 {[%clk 0:45:00]} 23. Qg5 {[%clk
0:08:03]} Re8 {[%clk 0:41:32]} 24. Rae1 {[%clk 0:05:13]} h6 {[%clk 0:41:19]} 25.
Qd2 {[%clk 0:05:40]} Rad8 {[%clk 0:39:42]} 26. b4 {[%clk 0:04:15]} Na6 {[%clk
0:37:44]} 27. a3 {[%clk 0:04:22]} Nc7 {[%clk 0:36:01]} 28. f4 {[%clk 0:03:25]}
exf4 {[%clk 0:35:50]} 29. Qxf4 {[%clk 0:02:57]} Ne6 {[%clk 0:35:48]} 30. Qe5
{[%clk 0:02:30]} Ng5 {[%clk 0:32:27]} 31. Qc3 {[%clk 0:00:42]} d4 {[%clk
0:32:26]} 32. Qd3 {[%clk 0:00:44]} Nxh3+ {[%clk 0:32:04]} 33. Kh2 {[%clk
0:01:11]} Ng5 {[%clk 0:32:25]} 34. Rxe8 {[%clk 0:01:05]} Qxe8 {[%clk 0:32:39]}
35. Rf2 {[%clk 0:00:42]} Qe6 {[%clk 0:31:15]} 36. Rf4 {[%clk 0:00:46]} Qe5 {[%clk
0:31:02]} 37. Rf2 {[%clk 0:00:37]} Rd6 {[%clk 0:28:39]} 38. Qe2 {[%clk 0:00:45]}
Qxe2 {[%clk 0:25:13]} 39. Nxe2 {[%clk 0:01:13]} d3 {[%clk 0:25:22]} 40. cxd3
{[%clk 0:31:34]} Rxd3 {[%clk 0:55:47]} 41. Nf4 {[%clk 0:30:04]} Rxa3 {[%clk
0:53:10]} 42. Rc2 {[%clk 0:29:36]} Ra6 {[%clk 0:52:53]} 43. Nd5 {[%clk 0:29:02]}
Rd6 {[%clk 0:52:03]} 44. Ne7+ {[%clk 0:28:22]} Kh7 {[%clk 0:52:29]} 45. Rc7
{[%clk 0:28:05]} Rxf6 {[%clk 0:51:48]} 46. Rxb7 {[%clk 0:28:31]} a6 {[%clk
0:50:44]} 47. Nd5 {[%clk 0:27:20]} Rd6 {[%clk 0:50:38]} 48. Rd7 {[%clk 0:26:38]}
Rxd7 {[%clk 0:47:36]} 49. Nf6+ {[%clk 0:27:03]} Kg7 {[%clk 0:48:03]} 50. Nxd7
{[%clk 0:27:28]} Ne6 {[%clk 0:48:29]} 51. Kg3 {[%clk 0:27:23]} Nc7 {[%clk
0:48:49]} 52. Nc5 {[%clk 0:25:05]} Kf6 {[%clk 0:49:16]} 53. Kh4 {[%clk 0:25:04]}
Ke5 {[%clk 0:49:13]} 54. Nd7+ {[%clk 0:24:12]} Kd6 {[%clk 0:48:36]} 55. Nb8
{[%clk 0:23:49]} Kd5 {[%clk 0:46:19]} 56. g5 {[%clk 0:23:24]} h5 {[%clk 0:46:04]}
57. Nd7 {[%clk 0:23:42]} Ke6 {[%clk 0:45:58]} 58. Nb6 {[%clk 0:23:29]} Nd5 {[%clk
0:45:56]} 0-1

[Event "Greek Team Cup Final 8"]
[Site "chess24.com"]
[Date "2018.07.09"]
[Round "3"]
[White "Zawadzka, Jolanta"]
[Black "Nikolakopoulos, Nikolaos"]
[Result "1-0"]
[Board "4"]
[WhiteTitle "WGM"]
[WhiteElo "2439"]
[WhiteCountry "POL"]
[WhiteFideId "1122320"]
[WhiteEloChange "1"]
[BlackElo "1858"]
[BlackCountry "GRE"]
[BlackFideId "4219759"]
[BlackEloChange "-2"]

1. e4 {[%clk 1:21:51]} c5 {[%clk 1:29:56]} 2. Nf3 {[%clk 1:22:12]} g6 {[%clk
1:30:04]} 3. c3 {[%clk 1:22:14]} Bg7 {[%clk 1:30:06]} 4. d4 {[%clk 1:22:23]} cxd4
{[%clk 1:30:28]} 5. cxd4 {[%clk 1:22:35]} d5 {[%clk 1:30:50]} 6. e5 {[%clk
1:22:03]} Bg4 {[%clk 1:30:56]} 7. Be2 {[%clk 1:18:00]} e6 {[%clk 1:30:53]} 8. O-O
{[%clk 1:17:57]} Nc6 {[%clk 1:27:18]} 9. b3 {[%clk 1:13:25]} Nge7 {[%clk
1:23:15]} 10. Nbd2 {[%clk 1:10:58]} O-O {[%clk 1:22:48]} 11. Bb2 {[%clk 1:10:21]}
Qb6 {[%clk 1:19:52]} 12. h3 {[%clk 1:08:04]} Bxf3 {[%clk 1:19:58]} 13. Nxf3
{[%clk 1:08:29]} a5 {[%clk 1:17:19]} 14. a3 {[%clk 1:02:46]} Rfc8 {[%clk
1:13:27]} 15. Rb1 {[%clk 0:57:04]} Rc7 {[%clk 1:07:43]} 16. Qd3 {[%clk 0:53:41]}
Rac8 {[%clk 1:06:03]} 17. g3 {[%clk 0:51:36]} Kh8 {[%clk 0:34:45]} 18. Kg2 {[%clk
0:48:59]} Ng8 {[%clk 0:28:24]} 19. h4 {[%clk 0:45:53]} h5 {[%clk 0:27:25]} 20.
Ng5 {[%clk 0:45:12]} Bh6 {[%clk 0:25:23]} 21. Rh1 {[%clk 0:31:44]} Kg7 {[%clk
0:22:47]} 22. g4 {[%clk 0:30:54]} hxg4 {[%clk 0:20:08]} 23. Bxg4 {[%clk 0:30:51]}
Nce7 {[%clk 0:19:38]} 24. Rh3 {[%clk 0:28:53]} Rc2 {[%clk 0:11:13]} 25. Bd1
{[%clk 0:25:05]} R2c6 {[%clk 0:10:53]} 26. Bg4 {[%clk 0:21:31]} Rc2 {[%clk
0:11:05]} 27. Qf3 {[%clk 0:21:30]} Nf5 {[%clk 0:09:21]} 28. Bxf5 {[%clk 0:21:46]}
gxf5 {[%clk 0:09:19]} 29. Qh5 {[%clk 0:18:42]} R8c7 {[%clk 0:07:25]} 30. Rg3
{[%clk 0:18:16]} 1-0